000 04513nam a2200577 a 4500
001 000115283
003 CHAP
005 20240620130728.0
007 ta
008 190218s2018 mx aodbfrm |||1|||spa d
010 _a111744
011 _a112716
040 _cCHAP
_amxchpua
_erda
041 0 _aspa
_beng
090 _aTesis
_bF46
_c2018
100 1 _aFélix Blanco, Tomás
245 1 0 _aProducción de tomate (Solanum Lycopersicum L.) bajo condiciones de invernadero y propuesta de adición de valor en Amanalco, México /
_cTomás Félix Blanco
264 _aChapingo, México :
_bEl autor,
_c2018
300 _axii, 103 hojas :
_bilustraciones, gráficas, fotografías, mapas +
_e1 CD-ROM
336 _2rdacontent
_atexto
_btxt
337 _2rdamedia
_ano mediado
_bn
338 _2rdacarrier
_avolumen
_bnc
502 _aMemoria de Experiencia Profesional
_b(Ingeniero Agroindustrial) --
_cUACh. Departamento de Ingeniería Agroindustrial,
_d2018
504 _aBibliografía: hojas 86-88
520 3 _aEscribir una memoria de las actividades que se realizan en la vida profesional del egresado, además de ser una opción para la obtención del título sirve también de actualización para el egresado. En este documento se presentan las actividades desarrolladas y los cuidados que son necesarios considerar para el cultivo de tomate cultivado en invernadero. El objetivo fue describir las actividades y lo aspectos que se deben de considerar para el desarrollo de la cadena productiva del tomate bajo condiciones de invernadero para diversificar los cultivos. Se hizo una revisión de los aspectos generales del cultivo, la estacionalidad de la producción y precios, la importancia de las buenas prácticas agrícola, los apoyos que otorga el gobierno, las características socioeconómicas de la zona donde se ubican los invernaderos. Como resultados se describe el proceso productivo con datos del ciclo 2015-2016 y además se hizo una propuesta de adición de valor. Finalmente se concluyó que con el establecimiento de la producción de jitomate bajo condiciones de invernadero dará una diversificación sobre los cultivos, así como la proporción de técnicas para la producción de jitomate para los campesinos interesados.
520 3 _aWrite a report of the activities performed in the professional life of graduates, as well as being an option for obtaining title also serves as an update for the graduate. In this document the activities and care are considered necessary for growing tomatoes grown in greenhouses are presented. The objective was to describe the activities and aspects to be considered for the development of the productive chain of tomato under greenhouse conditions to diversify crops. It was made a review of the general aspects of the culture, the seasonality of production and prices, the importance of good agricultural practices, the support granted by the government, the socioeconomic characteristics of the area where the greenhouses are located. As results was described the production process with data from the 2015-2016 agricultural cycle and was also made a proposal for adding value. Finally it was concluded that the establishment of production of tomatoes under greenhouse conditions give a diversification of crops, as well as the proportion of techniques for the production of tomatoes for farmers interested.
590 _aBATCH-UPD
_b05
_c20190430
590 _aE8697GMM
_b05
_c20190218
590 _aE8697GMM
_b05
_c20190218
590 _aE8697GMM
_b05
_c20190219
590 _aE8697GMM
_b05
_c20190220
590 _aE8697GMM
_b05
_c20190430
590 _aE8697GMM
_b05
_c20190430
590 _aE8697GMM
_b05
_c20190517
650 1 3 _aDiversificación de cultivos
_2atg
650 1 3 _aTomates
_xCultivos de invernadero
_2atg
650 1 3 _aTomates
_xAspectos económicos
_2atg
650 1 3 _aTomates
_xValor de mercado
_zMéxico
_zEstado de México
_2atg
650 1 3 _aTomatoes
_xGreenhouse production
_2atg
650 1 3 _aTomatoes
_xEconomical aspects
_2atg
650 1 3 _aTomatoes
_xMarket value
_zMexico
_zEstado de Mexico
_2atg
650 1 3 _aCrop diversification
_2atg
700 1 _aCovarrubias Gutiérrez, Ignacio
_edirector
700 1 _aEspejel García, Anastacio
_easesor
700 1 _aSuárez Espinosa, Carlos
_easesor
856 4 1 _uhttp://10.13.5.2/tesis/sist115283.pdf
_yDESCARGAR PDF
901 _aTesis F46 2018
942 _cTESIS
_2Clasificación Universidad Autónoma Chapingo
999 _c111744
_d111744